Revolutionising new product development : a blueprint for success in the global automotive industry.
| Main Author: | |
|---|---|
| Format: | Book |
| Published: |
London:
FT Automotive,
1997.
|
| Subjects: |
| LEADER | 00501cam a2200157 7i4500 | ||
|---|---|---|---|
| 001 | 0000006232 | ||
| 005 | 19991025090000.0 | ||
| 002 | ##000007900 | ||
| 020 | 0 | 0 | |a 1853346535 |
| 090 | 0 | 0 | |a I 338.476292 |b REV |
| 100 | 0 | 0 | |a Kidd |
| 245 | 0 | 0 | |a Revolutionising new product development : |b a blueprint for success in the global automotive industry. |
| 260 | 0 | 0 | |a London: |b FT Automotive, |c 1997. |
| 300 | 0 | 0 | |a 179 p.. |
| 650 | 0 | 0 | |a Automobiles industry and trade |
| 999 | |a 0000009173 |b Book |c Open shelf |e Business Information Centre | ||


